000 00388nam a22001457a 4500
020 _qPB.
040 _cFIZZA ISHAQ
082 _a627.04
_bHUB
100 _aCHANSON,HUBERT.
_990110
245 _aTHE HYDRAULICS OF OPEN CHANNEL FLOW AN INTRODUCTION /
_cHUBERT CHANSON.
250 _a2nd ED.
260 _aLONDON ;
_bBUTTERWORTH HEINEMANN,
_c2004.
300 _a585 P. ;
942 _2ddc
_cBK
999 _c588492
_d588492